000 00698nam a2200229Ia 4500
005 20260430150106.0
008 008 250103s9999 xx 000 0 eng d
037 _aTheses
040 _aCRL
040 _beng
040 _ceng
041 _2eng
041 _aeng
084 _qCRL
100 _aBasumatary Lakshmi Rani Au.; Ambethkar Vusala Gu.
_91236431
245 0 _aHeat and mass transfer analysis of free and forced convection in horizontal rectangular enclosure with heat and concentration sources
260 _c2021
300 _a163p.
700 _aUniversity of Delhi. Faculty of Mathamatics. Department of Mathematics
_91236432
942 _cTH
999 _c1848926
_d1848926